Degradácia konštrukčných materiálov 2013 : XIII. vedecká konferencia so zahraničnou účasťou, Zuberec - Roháče, 4. - 6 .9. 2013

Na minha lista:
Detalhes bibliográficos
Formato: Livro
Idioma:idiomas múltiplos
Publicado em: Žilina : Žilinská univerzita, 2013
Edição:1. vyd.
Assuntos:
Tags: Adicionar Tag
Sem tags, seja o primeiro a adicionar uma tag!

MARC

LEADER 00000nam a22000003a 4500
001 stu274257
005 20150408163837.7
008 130912s2013----xo------------------mul-d
020 |a 978-80-554-0741-8 
040 |a STU  |b slo 
041 0 |a mul 
044 |a xo 
245 |a Degradácia konštrukčných materiálov 2013 :  |b XIII. vedecká konferencia so zahraničnou účasťou, Zuberec - Roháče, 4. - 6 .9. 2013 
250 |a 1. vyd. 
260 |a Žilina :  |b Žilinská univerzita,  |c 2013 
300 |a 275 s 
650 7 |a konštrukčné materiály  |2 stusub 
650 7 |a konštrukčné materiály-degradácia  |2 stusub 
996 |b 284M085345  |c M*Z-4126  |l MMKN  |s A  |a 24  |w stu274257_0001 
996 |b 284M085346  |c M*Z-4127  |l MMKN  |s A  |a 24  |w stu274257_0002 
996 |b 284M085347  |c M*Z-4128  |l MMKN  |s A  |a 24  |w stu274257_0003 
996 |b 284M085348  |c M*Z-4129  |l MMKN  |s A  |a 24  |w stu274257_0004 
996 |b 284M085352  |c M*Z-4130  |l MMKN  |s A  |a 24  |w stu274257_0005